000 00378nam a2200181Ia 4500
100 _aComer/Douglas E
650 _aTCP
250 _a5
490 _v1
942 _cBK
366 _f25
245 _aInternetworking with TCP/IP Vol 1
260 _bPrentice Hall of India
_c2006
082 _a4.62
_bCOM
300 _a650
546 _aENGLISH
_cComputers
999 _c29720
_d29720